[Event "Portoroz Nat Festival 30th"]
[Site "Portoroz"]
[Date "2020.09.06"]
[Round "6"]
[White "Juvan, Jaka"]
[Black "Velickovic, Zoran"]
[Result "1/2-1/2"]
[WhiteElo "2141"]
[BlackElo "2378"]
[PlyCount "81"]
[EventDate "2020.09.03"]
[EventType "swiss"]
[EventRounds "9"]
[EventCountry "SLO"]
[SourceTitle "CBM 198 Extra"]
[Source "ChessBase"]
[SourceDate "2020.11.30"]
[SourceVersion "1"]
[SourceVersionDate "2020.11.30"]
[SourceQuality "1"]

1. e4 c5 2. Nf3 g6 3. d4 cxd4 4. Nxd4 Bg7 5. c4 Nc6 6. Be3 Nf6 7. Nc3 Nxd4 8. Bxd4 Qa5 9. f3 d6 10. Be2 0-0 11. 0-0 Be6 12. a3 Rfc8 13. b4 Qd8 14. Nd5 Bxd5 15. exd5 a5 16. Qb3 Nxd5 17. Bxg7 Nf4 18. Bb2 Nxe2+ 19. Kh1 Nf4 20. Rad1 Qc7 21. Rd4 Ne6 22. Re4 axb4 23. axb4 Ng5 24. Rg4 f6 25. Rxg5 fxg5 26. c5+ e6 27. Qxe6+ Qf7 28. Qxd6 h6 29. Rd1 Re8 30. b5 Re6 31. Qd4 Kh7 32. h3 Rae8 33. Bc3 R6e7 34. c6 Qb3 35. Bb4 Rf7 36. cxb7 Rxb7 37. b6 Qe6 38. Bc5 Qc6 39. Ra1 Rd7 40. Ra7 Red8 41. Qe5 1/2-1/2

[Event "SLO-chT1 East 29th"]
[Site "Slovenia"]
[Date "2019.10.19"]
[Round "8.1"]
[White "Smon, Gregor"]
[Black "Juvan, Jaka"]
[Result "0-1"]
[WhiteElo "1983"]
[BlackElo "2140"]
[PlyCount "132"]
[EventDate "2019.09.06"]
[EventType "team-tourn"]
[EventRounds "9"]
[EventCountry "SLO"]
[SourceTitle "CBM 192 Extra"]
[Source "Chessbase"]
[SourceDate "2019.11.06"]
[SourceVersion "1"]
[SourceVersionDate "2019.11.06"]
[SourceQuality "1"]
[WhiteTeam "Slovenj Gradec"]
[BlackTeam "Maribor II"]
[WhiteTeamCountry "SLO"]
[BlackTeamCountry "SLO"]

1. e4 c5 2. c3 Nf6 3. e5 Nd5 4. d4 cxd4 5. Nf3 d6 6. exd6 Qxd6 7. cxd4 e6 8. Nc3 Be7 9. Bd3 0-0 10. 0-0 Nd7 11. Re1 Nxc3 12. bxc3 Nf6 13. Ne5 b6 14. Bf4 Qa3 15. Qf3 Ba6 16. c4 Rac8 17. Bg5 Qd6 18. Rad1 Qc7 19. Bf4 Qb7 20. Qh3 g6 21. Bh6 Rfe8 22. Re3 Bd6 23. Rf3 Bxe5 24. dxe5 Nd7 25. Qg3 Qc7 26. Qf4 Re7 27. Re1 Bb7 28. Rh3 f5 29. exf6 Qxf4 30. Bxf4 Nxf6 31. Rhe3 Nd7 32. Bd6 Ree8 33. Rxe6 Rxe6 34. Rxe6 Ba6 35. Re7 Bxc4 36. Bxc4+ Rxc4 37. g3 Nf6 38. Rxa7 Ne4 39. Bf4 Rc2 40. Be3 b5 41. a3 Ra2 42. Kg2 Nd2 43. h4 Nc4 44. Bc5 Nd2 45. g4 Rc2 46. Be3 Nb1 47. Bf4 Rc4 48. Bg3 Rxg4 49. Ra5 Nc3 50. Kf3 Ra4 51. Rxa4 bxa4 52. Bd6 Kf7 53. Kf4 Ke6 54. Bf8 Kf7 55. Bc5 Ke6 56. Kg4 Ne4 57. Be3 Ke5 58. f3 h5+ 59. Kh3 Nd6 60. Bc5 Nf5 61. Bf2 Kf4 62. Kg2 Ne3+ 63. Kh3 Kxf3 64. Be1 Nc2 65. Bg3 Nxa3 66. Be5 Nc2 0-1

[Event "SLO-ch 29th"]
[Site "Radenci"]
[Date "2019.04.27"]
[Round "1"]
[White "Juvan, Jaka"]
[Black "Drevensek, Doroteja"]
[Result "1-0"]
[WhiteElo "2162"]
[BlackElo "1360"]
[PlyCount "59"]
[EventDate "2019.04.27"]
[EventType "swiss"]
[EventRounds "9"]
[EventCountry "SLO"]
[SourceTitle "CBM 190 Extra"]
[Source "ChessBase"]
[SourceDate "2019.07.15"]
[SourceVersion "1"]
[SourceVersionDate "2019.07.15"]
[SourceQuality "1"]

1. e4 d6 2. d4 Nf6 3. Nc3 Nbd7 4. Nf3 e5 5. Be2 Be7 6. 0-0 0-0 7. h3 c6 8. Be3 a6 9. a4 b6 10. Bc4 Bb7 11. Bb3 Qc7 12. Qe2 exd4 13. Nxd4 Nc5 14. Nf5 Nxb3 15. cxb3 c5 16. Bf4 Rfe8 17. Rad1 Rad8 18. e5 Qc6 19. f3 Bf8 20. Qc2 dxe5 21. Rxd8 Rxd8 22. Bxe5 g6 23. Ng3 Re8 24. Bf4 Bg7 25. Rd1 Qe6 26. Rd6 Qe1+ 27. Kh2 Re6 28. Rd1 Re2 29. Qxe2 Qxe2 30. Ngxe2 1-0

[Event "SLO-ch 28th"]
[Site "Ljubljana"]
[Date "2018.05.03"]
[Round "8"]
[White "Brinovec, Dusan"]
[Black "Juvan, Jaka"]
[Result "1-0"]
[WhiteElo "2217"]
[BlackElo "2088"]
[PlyCount "41"]
[EventDate "2018.04.27"]
[EventType "swiss"]
[EventRounds "9"]
[EventCountry "SLO"]
[SourceTitle "CBM 184 Extra"]
[Source "ChessBase"]
[SourceDate "2018.06.28"]
[SourceVersion "1"]
[SourceVersionDate "2018.06.28"]
[SourceQuality "1"]

1. e4 c5 2. Nf3 d6 3. d4 cxd4 4. Qxd4 Nc6 5. Qe3 Nf6 6. h3 e6 7. Bb5 Bd7 8. c4 a6 9. Ba4 Be7 10. 0-0 0-0 11. Nc3 Rc8 12. Bxc6 Bxc6 13. Nd4 Qc7 14. b3 d5 15. exd5 exd5 16. Nf5 Rfe8 17. Qg5 Bf8 18. Ba3 Re6 19. Bxf8 Ne8 20. cxd5 h6 21. Qh4 1-0

[Event "SLO-ch 28th"]
[Site "Ljubljana"]
[Date "2018.04.27"]
[Round "1"]
[White "Juvan, Jaka"]
[Black "Jelen, Anja"]
[Result "1-0"]
[WhiteElo "2088"]
[BlackElo "1069"]
[PlyCount "51"]
[EventDate "2018.04.27"]
[EventType "swiss"]
[EventRounds "9"]
[EventCountry "SLO"]
[SourceTitle "CBM 184 Extra"]
[Source "ChessBase"]
[SourceDate "2018.06.28"]
[SourceVersion "1"]
[SourceVersionDate "2018.06.28"]
[SourceQuality "1"]

1. e4 e5 2. Nf3 Nc6 3. d4 exd4 4. Bc4 Bc5 5. c3 dxc3 6. Bxf7+ Kxf7 7. Qd5+ Kf8 8. Qxc5+ Qe7 9. Qxe7+ Ngxe7 10. Nxc3 d6 11. Nb5 a6 12. Nxc7 Rb8 13. Bf4 Nb4 14. 0-0 Bg4 15. Bxd6 Nbc6 16. Ng5 Rd8 17. Nce6+ Bxe6 18. Nxe6+ Kf7 19. Nxd8+ Rxd8 20. Rad1 Ke6 21. Bxe7 Rxd1 22. Rxd1 Nxe7 23. f4 b5 24. Kf2 g6 25. Ke3 a5 26. g4 1-0

[Event "SLO-ch U16"]
[Site "Portoroz"]
[Date "2018.03.01"]
[Round "8"]
[White "Juvan, Jaka"]
[Black "Kobe, Matic"]
[Result "1-0"]
[WhiteElo "2052"]
[BlackElo "1257"]
[PlyCount "57"]
[EventDate "2018.02.24"]
[EventType "swiss"]
[EventRounds "9"]
[EventCountry "SLO"]
[SourceTitle "EXT 2019"]
[Source "ChessBase"]
[SourceDate "2018.10.10"]
[SourceVersion "1"]
[SourceVersionDate "2018.10.10"]
[SourceQuality "1"]

1. e4 e6 2. d4 d5 3. Nd2 Nf6 4. e5 Nfd7 5. Bd3 c5 6. c3 Nc6 7. Ne2 Qb6 8. Nf3 f6 9. exf6 Nxf6 10. 0-0 Bd6 11. a3 0-0 12. Ng3 Bd7 13. Re1 Kh8 14. Ng5 e5 15. dxe5 Nxe5 16. Bxh7 Neg4 17. Bg6 c4 18. Qe2 Nxh2 19. Be3 Bc5 20. Bxc5 Qxc5 21. Nf7+ Kg8 22. Kxh2 Ng4+ 23. Kg1 Rxf7 24. Bxf7+ Kxf7 25. Rad1 Nf6 26. Qe3 Qd6 27. Qe5 Qc5 28. Nf5 Kf8 29. Rxd5 1-0

[Event "SLO-ch U16"]
[Site "Portoroz"]
[Date "2018.02.25"]
[Round "3"]
[White "Juvan, Jaka"]
[Black "Brilej, Jaka"]
[Result "1/2-1/2"]
[WhiteElo "2052"]
[BlackElo "2083"]
[PlyCount "62"]
[EventDate "2018.02.24"]
[EventType "swiss"]
[EventRounds "9"]
[EventCountry "SLO"]
[SourceTitle "EXT 2019"]
[Source "ChessBase"]
[SourceDate "2018.10.10"]
[SourceVersion "1"]
[SourceVersionDate "2018.10.10"]
[SourceQuality "1"]

1. e4 c5 2. Nf3 Nc6 3. d4 cxd4 4. Nxd4 Nf6 5. Nc3 e5 6. Ndb5 d6 7. Bg5 a6 8. Na3 b5 9. Nd5 Be7 10. Bxf6 Bxf6 11. c4 b4 12. Nc2 0-0 13. g3 Bg5 14. Bg2 a5 15. 0-0 Be6 16. Qd3 Qb8 17. b3 Qb7 18. Rad1 a4 19. h4 Bh6 20. Kh2 axb3 21. axb3 Ra2 22. Rb1 Bxd5 23. exd5 Ne7 24. Ra1 Rxa1 25. Rxa1 Qb6 26. Qe2 Nf5 27. Ra4 Nd4 28. Nxd4 exd4 29. Ra2 g6 30. h5 Bg7 31. Bf1 Be5 1/2-1/2

[Event "SLO-ch U16"]
[Site "Portoroz"]
[Date "2018.02.24"]
[Round "1"]
[White "Juvan, Jaka"]
[Black "Strnisa, Blaz"]
[Result "1-0"]
[WhiteElo "2052"]
[BlackElo "1157"]
[PlyCount "59"]
[EventDate "2018.02.24"]
[EventType "swiss"]
[EventRounds "9"]
[EventCountry "SLO"]
[SourceTitle "EXT 2019"]
[Source "ChessBase"]
[SourceDate "2018.10.10"]
[SourceVersion "1"]
[SourceVersionDate "2018.10.10"]
[SourceQuality "1"]

1. e4 c5 2. Nf3 d6 3. d4 cxd4 4. Nxd4 Nf6 5. Nc3 e6 6. Be3 Be7 7. Be2 0-0 8. 0-0 b6 9. f4 Bb7 10. Bf3 d5 11. e5 Nfd7 12. Qd2 Bc5 13. Ndb5 Bxe3+ 14. Qxe3 Nc5 15. Nd6 Ba6 16. Rfe1 Nc6 17. Qf2 f6 18. Qg3 Nd4 19. Rac1 Nxf3+ 20. gxf3 f5 21. Rcd1 Nb7 22. Nxb7 Bxb7 23. Nb5 Qc8 24. Nd6 Qc5+ 25. Kh1 Ba6 26. Rd2 Qb4 27. Rg2 g6 28. Reg1 Bb5 29. Qh4 Qxb2 30. Rxg6+ 1-0

[Event "SLO-chT1 East"]
[Site "Slovenia"]
[Date "2017.11.26"]
[Round "9"]
[White "Juvan, Jaka"]
[Black "Ivekovic, Mario"]
[Result "0-1"]
[WhiteElo "1995"]
[BlackElo "2179"]
[PlyCount "82"]
[EventDate "2017.09.29"]
[EventType "team-tourn"]
[EventRounds "9"]
[EventCountry "SLO"]
[SourceTitle "EXT 2019"]
[Source "ChessBase"]
[SourceDate "2018.10.10"]
[SourceVersion "1"]
[SourceVersionDate "2018.10.10"]
[SourceQuality "1"]
[WhiteTeam "Slovenj Gradec"]
[BlackTeam "Brezice"]
[WhiteTeamCountry "SLO"]
[BlackTeamCountry "SLO"]

1. e4 c6 2. d4 d5 3. Nc3 dxe4 4. Nxe4 Nf6 5. Nxf6+ exf6 6. Be3 Bd6 7. Nf3 0-0 8. Be2 Re8 9. 0-0 Bf5 10. c4 Qe7 11. Qb3 b6 12. Rac1 Nd7 13. a3 c5 14. Rfd1 Be4 15. Qc3 f5 16. dxc5 Nxc5 17. b4 Ne6 18. c5 bxc5 19. bxc5 Bf4 20. Bxf4 Nxf4 21. Bc4 Rac8 22. Qe3 Qc7 23. Qc3 Kf8 24. Bb5 Bc6 25. Bf1 Qb7 26. Rd4 Nh3+ 27. gxh3 Bxf3 28. Rf4 Be4 29. h4 Qc7 30. Qg3 Re6 31. h5 Rc6 32. f3 Rxc5 33. Re1 Rc3 34. Bg2 Rc1 35. Rf1 Bd3 36. h6 gxh6 37. Qh4 Qb6+ 38. Kh1 Bxf1 39. Bxf1 Rxf1+ 40. Kg2 Qg1+ 41. Kh3 Qg5 0-1

[Event "SLO-chT1 East"]
[Site "Slovenia"]
[Date "2017.11.11"]
[Round "5"]
[White "Juvan, Jaka"]
[Black "Kodric, Tilen"]
[Result "1-0"]
[WhiteElo "1995"]
[BlackElo "2152"]
[PlyCount "105"]
[EventDate "2017.09.29"]
[EventType "team-tourn"]
[EventRounds "9"]
[EventCountry "SLO"]
[SourceTitle "EXT 2019"]
[Source "ChessBase"]
[SourceDate "2018.10.10"]
[SourceVersion "1"]
[SourceVersionDate "2018.10.10"]
[SourceQuality "1"]
[WhiteTeam "Slovenj Gradec"]
[BlackTeam "Maribor ZSK II"]
[WhiteTeamCountry "SLO"]
[BlackTeamCountry "SLO"]

1. e4 e6 2. d4 d5 3. Nc3 Bb4 4. e5 Ne7 5. a3 Bxc3+ 6. bxc3 c5 7. Qg4 0-0 8. Bd3 f5 9. exf6 Rxf6 10. Bg5 Rf7 11. Qh5 g6 12. Qd1 Nbc6 13. Nf3 Qf8 14. Qd2 Rxf3 15. gxf3 cxd4 16. Bxe7 Qxe7 17. Rg1 Qf6 18. Qg5 Qxg5 19. Rxg5 dxc3 20. f4 Nd4 21. 0-0-0 Rb8 22. Rg3 Bd7 23. Bf1 Nb5 24. f5 Nxa3 25. fxe6 Bxe6 26. Rxc3 Nc4 27. Bg2 Nb6 28. Rc7 Rf8 29. Re1 Rf7 30. Rc5 Rf6 31. Re3 Bf7 32. Rf3 Re6 33. Rc7 Nc4 34. Kd1 Nb2+ 35. Kd2 Nc4+ 36. Kc3 Nd6 37. Kb4 b6 38. Rxa7 Re4+ 39. Kb3 Be6 40. Rf6 Nb5 41. Bxe4 dxe4+ 42. Kb4 Nxa7 43. Rxe6 Kf7 44. Rxb6 Nc8 45. Rc6 Ne7 46. Rc4 e3 47. fxe3 Nd5+ 48. Kb5 Nxe3 49. Rc7+ Kg8 50. c4 h5 51. c5 Nd5 52. Rd7 Nf6 53. c6 1-0

[Event "SLO-ch U16"]
[Site "Ptuj"]
[Date "2017.02.28"]
[Round "5"]
[White "Acimovic, Vasja"]
[Black "Juvan, Jaka"]
[Result "1-0"]
[WhiteElo "1872"]
[BlackElo "1848"]
[PlyCount "49"]
[EventDate "2017.02.25"]
[EventType "swiss"]
[EventRounds "9"]
[EventCountry "SLO"]
[SourceTitle "CBM 177 Extra"]
[Source "ChessBase"]
[SourceDate "2017.04.27"]
[SourceVersion "1"]
[SourceVersionDate "2017.04.27"]
[SourceQuality "1"]

1. d4 Nf6 2. c4 e6 3. Nc3 Bb4 4. e3 0-0 5. Nge2 b6 6. a3 Be7 7. Nf4 Bb7 8. Bd3 d5 9. cxd5 exd5 10. 0-0 Nbd7 11. Bd2 c5 12. Re1 Rc8 13. Qf3 Kh8 14. Qh3 h6 15. Bf5 Rc7 16. Nb5 Rc8 17. Nxa7 Ra8 18. Nb5 Nb8 19. Rad1 Nc6 20. e4 Nxe4 21. Bxe4 dxe4 22. dxc5 Bxc5 23. b4 Be7 24. Bc3 Kg8 25. Rxd8 1-0